| 000 | 01207cam a2200313 a 4500 | ||
|---|---|---|---|
| 999 |
_c232429 _d232429 |
||
| 001 | 16606114 | ||
| 003 | Nust | ||
| 005 | 20180117090022.0 | ||
| 008 | 110110s2011 nyua b 001 0 eng | ||
| 010 | _a 2010054316 | ||
| 020 | _a9780765625984 (hardcover : alk. paper) | ||
| 020 | _a9780765625991 (pbk. : alk. paper) | ||
| 040 |
_aDLC _cDLC _dDLC |
||
| 042 | _apcc | ||
| 050 | 0 | 0 |
_aHB75 _b.H77 2011 |
| 082 | 0 | 0 |
_a330.09 _222 |
| 100 | 1 | _aHunt, E. K. | |
| 245 | 1 | 0 |
_aHistory of economic thought : _ba critical perspective / _cE.K. Hunt and Mark Lautzenheiser ; [foreword by Robin Hahnel]. |
| 250 | _a3rd ed. | ||
| 260 |
_aArmonk, N.Y. : _bM.E. Sharpe, _cc2011. |
||
| 300 |
_axxiv, 579 p. : _bill. ; _c27 cm. |
||
| 504 | _aIncludes bibliographical references (p. 545-548) and index. | ||
| 650 | 0 |
_aEconomics _xHistory. |
|
| 700 | 1 |
_aLautzenheiser, Mark, _d1968- |
|
| 906 |
_a7 _bcbc _corignew _d1 _eecip _f20 _gy-gencatlg |
||
| 942 |
_2ddc _cBK |
||